Missing Word: Female Literary Characters A-Z Quiz Stats

Quiz Updated Aug 17, 2016

Challenge
Share
Tweet
Embed
Score 0/22 Timer 03:00
0 Plays Today
Hint Answer % Correct
____ O'Hara - Gone with the WindScarlett
93.6%
____ Everdeen - The Hunger GamesKatniss
87.5%
____ Doolittle - PygmalionEliza
85.6%
____ March - Little WomenJo
81%
Holly ____ - Breakfast at Tiffany'sGolightly
81%
____ Buchanan - The Great GatsbyDaisy
80.6%
Scout ____ - To Kill a MockingbirdFinch
75.9%
Laura ____ - Little House on the PrairieIngalls
75.6%
____ Salt - Charlie and the Chocolate FactoryVeruca
71.3%
Elizabeth ____ - Pride and PrejudiceBennet
66%
____ Earnshaw - Wuthering HeightsCathy
61.9%
Hint Answer % Correct
Dolores ____ - Harry Potter and the Order of the PhoenixUmbridge
60.2%
Hester ____ - The Scarlet LetterPrynne
56.5%
____ Stark - A Song of Ice and FireArya
51.7%
____ Salander - The Girl with the Dragon TattooLisbeth
49.5%
Annie ____ - MiseryWilkes
37.4%
____ Prior - DivergentTris
29.1%
____ Rostova - War and PeaceNatasha
25.5%
____ Bloom - UlyssesMolly
21%
Dolores ____ - LolitaHaze
10.9%
Ellen ____ - The Age of InnocenceOlenska
7.9%
Mrs. ____ - To the LighthouseRamsay
4.2%

Today's Daily Dose

You're not logged in!

Compare scores with friends on all Sporcle quizzes.
Sign Up with Email
OR
Log In

You Might Also Like...

Show Comments

Extras

Top Quizzes Today


Score Distribution

Your Account Isn't Verified!

In order to create a playlist on Sporcle, you need to verify the email address you used during registration. Go to your Sporcle Settings to finish the process.